[Event "Katowice POL-HUN 10th"]
[Site "Katowice"]
[Date "2023.09.10"]
[Round "9"]
[White "Wnek, Filip"]
[Black "Malicka, Maria"]
[Result "1-0"]
[WhiteElo "2098"]
[BlackElo "2218"]
[PlyCount "91"]
[EventDate "2023.09.09"]
[EventType "swiss (rapid)"]
[EventRounds "9"]
[EventCountry "POL"]
[SourceTitle "EXT 2024"]
[Source "ChessBase"]
[SourceDate "2023.10.10"]
[SourceVersion "1"]
[SourceVersionDate "2023.10.10"]
[SourceQuality "1"]

1. e4 c5 2. Nf3 d6 3. d4 cxd4 4. Nxd4 Nf6 5. Nc3 a6 6. h4 e5 7. Nb3 Be7 8. Bg5 Be6 9. Bxf6 Bxf6 10. g3 0-0 11. Qd2 a5 12. Qe3 a4 13. Nd2 a3 14. b3 Qa5 15. Bc4 Rc8 16. 0-0 Na6 17. Rfd1 Bd8 18. Qf3 Nb4 19. Bxe6 fxe6 20. Nc4 Rxc4 21. bxc4 Nxc2 22. Rac1 Nd4 23. Qg4 Bb6 24. Nb5 Rf8 25. Nxd4 Bxd4 26. Qxe6+ Kh8 27. Rc2 Qb6 28. Qe7 Rc8 29. Kg2 Qc6 30. f3 b5 31. Rb1 Bb2 32. Rd2 Qxc4 33. Qxd6 Qxa2 34. Qd7 Qc4 35. Rbd1 Bd4 36. f4 a2 37. Rxa2 Qxa2+ 38. Kh3 Qc4 39. f5 Qc6 40. Qf7 Qxe4 41. Rc1 Qa8 42. f6 Rg8 43. Qe6 Qf8 44. f7 h6 45. fxg8Q+ Qxg8 46. Rc8 1-0

[Event "Katowice POL-HUN 10th"]
[Site "Katowice"]
[Date "2023.09.09"]
[Round "3"]
[White "Psyk, Radoslaw"]
[Black "Wnek, Filip"]
[Result "1-0"]
[WhiteElo "2460"]
[BlackElo "2098"]
[PlyCount "53"]
[EventDate "2023.09.09"]
[EventType "swiss (rapid)"]
[EventRounds "9"]
[EventCountry "POL"]
[SourceTitle "EXT 2024"]
[Source "ChessBase"]
[SourceDate "2023.10.10"]
[SourceVersion "1"]
[SourceVersionDate "2023.10.10"]
[SourceQuality "1"]

1. e4 c5 2. Be2 d6 3. f4 Nf6 4. d3 e6 5. Nf3 Be7 6. 0-0 0-0 7. Kh1 b5 8. Be3 Bb7 9. Nbd2 Nbd7 10. Qe1 Qc7 11. Qg3 Kh8 12. Qh3 d5 13. e5 Ne8 14. c3 Rc8 15. d4 cxd4 16. cxd4 Qb6 17. Bd3 g6 18. Qh6 Ng7 19. g4 b4 20. Rg1 Ba6 21. Bxa6 Qxa6 22. Rg3 Rg8 23. f5 exf5 24. Rh3 Nf8 25. Bg5 fxg4 26. Bxe7 gxh3 27. Ng5 1-0

[Event "Malopolska-ch"]
[Site "Krakow"]
[Date "2023.06.10"]
[Round "6"]
[White "Wnek, Filip"]
[Black "Lecki, Leonard"]
[Result "1-0"]
[WhiteElo "2057"]
[BlackElo "1914"]
[PlyCount "101"]
[EventDate "2023.06.08"]
[EventType "swiss"]
[EventRounds "7"]
[EventCountry "POL"]
[SourceTitle "CBM 214 Extra"]
[Source "ChessBase"]
[SourceDate "2023.07.31"]
[SourceVersion "1"]
[SourceVersionDate "2023.07.31"]
[SourceQuality "1"]

1. e4 d5 2. exd5 Qxd5 3. Nf3 Bg4 4. Be2 c6 5. 0-0 Nf6 6. c4 Qd8 7. d4 e6 8. Bf4 Nbd7 9. Nc3 Be7 10. h3 Bxf3 11. Bxf3 Nb6 12. Qd3 0-0 13. Rfd1 Qd7 14. a3 Rfd8 15. b4 Rac8 16. Qe2 Na8 17. Be5 Nc7 18. Rac1 h6 19. g4 Nh7 20. Bg2 Bf6 21. Ne4 Qe7 22. Nc5 Ne8 23. a4 Nf8 24. Qe3 Bg5 25. Bf4 Ng6 26. Bxg5 hxg5 27. b5 b6 28. Ne4 cxb5 29. axb5 Nf4 30. c5 f6 31. Bf1 Qb7 32. Bc4 Kh8 33. h4 Qe7 34. f3 bxc5 35. dxc5 Rd5 36. Kf2 Rxd1 37. Rxd1 Rd8 38. Rh1 Kg8 39. hxg5 fxg5 40. Nxg5 Qxg5 41. Bxe6+ Kf8 42. Rh8+ Ke7 43. Bf5+ Kf7 44. Qb3+ Nd5 45. Qd3 Ndf6 46. Qc4+ Rd5 47. f4 Ne4+ 48. Qxe4 Rd2+ 49. Ke3 Rd3+ 50. Kxd3 Qd8+ 51. Kc2 1-0

[Event "Malopolska-ch"]
[Site "Krakow"]
[Date "2023.06.10"]
[Round "5"]
[White "Wnek, Filip"]
[Black "Malicka, Maria"]
[Result "0-1"]
[WhiteElo "2057"]
[BlackElo "2255"]
[PlyCount "132"]
[EventDate "2023.06.08"]
[EventType "swiss"]
[EventRounds "7"]
[EventCountry "POL"]
[SourceTitle "CBM 214 Extra"]
[Source "ChessBase"]
[SourceDate "2023.07.31"]
[SourceVersion "1"]
[SourceVersionDate "2023.07.31"]
[SourceQuality "1"]

1. e4 c5 2. Nf3 d6 3. d4 cxd4 4. Nxd4 Nf6 5. Nc3 a6 6. h4 e5 7. Nb3 Be7 8. Bg5 Be6 9. Bxf6 Bxf6 10. g3 0-0 11. Qd2 a5 12. Bb5 Qb6 13. a4 Na6 14. g4 Bxg4 15. Nd5 Qd8 16. Nxa5 Nc5 17. b4 Bxh4 18. Rxh4 Qxh4 19. bxc5 Qh1+ 20. Bf1 Qxe4+ 21. Ne3 dxc5 22. Nac4 Rfd8 23. Bg2 Bf3 24. Bxf3 Qxf3 25. Qc3 Qh1+ 26. Ke2 Qh5+ 27. Ke1 Rd4 28. Nd2 Rad8 29. Nb3 b6 30. a5 Rf4 31. Nd2 Qh2 32. Nd1 bxa5 33. Qxa5 Rfd4 34. Nf1 Qf4 35. Nde3 h5 36. Qxc5 h4 37. Qc6 e4 38. Qc5 g6 39. c4 h3 40. Nd5 R4xd5 41. cxd5 h2 42. Nxh2 Qxh2 43. Rd1 Qh1+ 44. Ke2 Qh5+ 45. Ke1 Qe5 46. Ke2 Kg7 47. Rd2 Rd6 48. Qc4 Rd7 49. Qb5 Qd6 50. Ke3 f5 51. Qb2+ Kf7 52. Qh8 Qc5+ 53. Kf4 Qd6+ 54. Kg5 Qe7+ 55. Kf4 Qf6 56. Qh7+ Ke8 57. Qg8+ Ke7 58. Qh7+ Kd6 59. Qg8 Rb7 60. Rc2 Qh4+ 61. Ke3 Rb3+ 62. Ke2 Qg4+ 63. Ke1 Rb1+ 64. Kd2 Qd1+ 65. Ke3 Rb3+ 66. Kf4 Qg4# 0-1

[Event "Krakow op-B 33rd"]
[Site "Krakow"]
[Date "2022.12.31"]
[Round "5"]
[White "Wnek, Filip"]
[Black "Kulesza, Andrzej"]
[Result "1-0"]
[WhiteElo "1966"]
[BlackElo "2053"]
[PlyCount "85"]
[EventDate "2022.12.27"]
[EventType "swiss"]
[EventRounds "9"]
[EventCountry "POL"]
[SourceTitle "CBM 212 Extra"]
[Source "ChessBase"]
[SourceDate "2023.03.31"]
[SourceVersion "1"]
[SourceVersionDate "2023.03.31"]
[SourceQuality "1"]

1. e4 c5 2. Nf3 d6 3. d4 cxd4 4. Nxd4 Nf6 5. Nc3 a6 6. Qf3 g6 7. h3 Bg7 8. Be3 0-0 9. g4 Nc6 10. 0-0-0 Be6 11. g5 Nh5 12. Nd5 Rc8 13. Kb1 Ne5 14. Qg2 Nc4 15. Bxc4 Rxc4 16. Rhe1 Bd7 17. Qf1 b5 18. Nb3 Re8 19. f4 Ng3 20. Qf3 e6 21. Nb6 Nxe4 22. Nxc4 Qa8 23. Ncd2 Bc6 24. Nxe4 Bxe4 25. Qf2 Rc8 26. Rd2 a5 27. Bd4 Bf8 28. Nc1 b4 29. b3 a4 30. Bb2 a3 31. Ba1 d5 32. Qd4 Rc3 33. Bxc3 bxc3 34. Qxc3 Bg7 35. Qc7 Bf5 36. Nd3 Qf8 37. Qc5 Qa8 38. Ne5 f6 39. gxf6 Bxf6 40. Qc7 Bg7 41. Rd4 Qf8 42. Ra4 g5 43. Ra7 1-0

[Event "EU-ch Rapid"]
[Site "Katowice"]
[Date "2022.12.17"]
[Round "3"]
[White "Wnek, Filip"]
[Black "Mis, Mieszko"]
[Result "0-1"]
[WhiteElo "1966"]
[BlackElo "2389"]
[PlyCount "110"]
[EventDate "2022.12.17"]
[EventType "swiss (rapid)"]
[EventRounds "11"]
[EventCountry "POL"]
[SourceTitle "CBM 211 Extra"]
[Source "ChessBase"]
[SourceDate "2023.01.31"]
[SourceVersion "1"]
[SourceVersionDate "2023.01.31"]
[SourceQuality "1"]

1. e4 d5 2. exd5 Qxd5 3. Nc3 Qa5 4. d4 Nf6 5. Nf3 Bf5 6. Be3 e6 7. a3 c6 8. Bd3 Bxd3 9. Qxd3 Bb4 10. Bd2 Bxc3 11. Bxc3 Qb5 12. Rd1 0-0 13. Bb4 Qxd3 14. Rxd3 Re8 15. c4 Nbd7 16. 0-0 a5 17. Bd6 a4 18. Rb1 Nb6 19. Nd2 Nc8 20. Bc7 b5 21. b3 axb3 22. Rdxb3 bxc4 23. Nxc4 Nd5 24. Bg3 Nce7 25. Nd6 Red8 26. Nb7 Re8 27. Nd6 Rf8 28. Rc1 h5 29. h3 Ra6 30. Rc5 Rfa8 31. Nc4 Nf5 32. Rd3 h4 33. Be5 f6 34. Bh2 R8a7 35. g4 hxg3 36. fxg3 Rb7 37. g4 Rb1+ 38. Kf2 Nfe7 39. Ra5 Rxa5 40. Nxa5 Rb2+ 41. Kg1 Rc2 42. Bd6 Ng6 43. Nb3 Ngf4 44. Bxf4 Nxf4 45. Rf3 g5 46. a4 Kf7 47. a5 Ra2 48. Kf1 Ra3 49. Kf2 Kg6 50. h4 gxh4 51. Nc5 Ra2+ 52. Kf1 h3 53. Ne4 h2 54. Ng3 Rg2 55. Rxf4 Rxg3 0-1

[Event "Krakow Malopolski Cup"]
[Site "Krakow"]
[Date "2022.08.08"]
[Round "7"]
[White "Kasperek, Ryszard"]
[Black "Wnek, Filip"]
[Result "1-0"]
[WhiteElo "2057"]
[BlackElo "1988"]
[PlyCount "123"]
[EventDate "2022.08.04"]
[EventType "swiss"]
[EventRounds "9"]
[EventCountry "POL"]
[SourceTitle "CBM 209 Extra"]
[Source "ChessBase"]
[SourceDate "2022.09.30"]
[SourceVersion "1"]
[SourceVersionDate "2022.09.30"]
[SourceQuality "1"]

1. e4 c5 2. Nf3 d6 3. d4 cxd4 4. Nxd4 Nf6 5. Nc3 a6 6. Be3 e6 7. f3 Nbd7 8. g4 h6 9. h4 b5 10. a3 Bb7 11. Rg1 Ne5 12. g5 Nfd7 13. f4 Nc4 14. Bxc4 bxc4 15. f5 Qe7 16. fxe6 fxe6 17. Qg4 Ne5 18. Qh3 h5 19. g6 Bc8 20. 0-0-0 Qb7 21. Kb1 Ng4 22. Rxg4 hxg4 23. Qxg4 Rb8 24. Bc1 Be7 25. Nxe6 Bf6 26. Nd5 Bxb2 27. Ndc7+ Kd7 28. Nb5 Qxb5 29. Nd4+ Ke7 30. Bg5+ Ke8 31. Qxc8+ Rxc8 32. Nxb5 axb5 33. Kxb2 Kd7 34. e5 Rc6 35. Rd5 Ke6 36. Rxb5 c3+ 37. Ka2 dxe5 38. Rb7 Rg8 39. h5 Kf5 40. Be3 Ke4 41. Bc1 Kf3 42. Rf7+ Kg4 43. Re7 Rc5 44. Be3 Rb5 45. a4 Rb2+ 46. Ka3 Kf5 47. Bc5 Rxc2 48. Kb3 Rc1 49. Bd6 Rd8 50. Bxe5 Rd3 51. Bxg7 Rh3 52. Rc7 Rb1+ 53. Ka2 Rb2+ 54. Ka3 Rc2 55. Bd4 Rc1 56. g7 Rg3 57. h6 Ra1+ 58. Kb4 Rg4 59. Ka5 Rh1 60. Bxc3 Rxh6 61. Rc5+ Ke6 62. Rc6+ 1-0

[Event "Krakow Malopolski Cup"]
[Site "Krakow"]
[Date "2022.08.05"]
[Round "3"]
[White "Kuczmik, Pawel"]
[Black "Wnek, Filip"]
[Result "0-1"]
[WhiteElo "1426"]
[BlackElo "1988"]
[PlyCount "70"]
[EventDate "2022.08.04"]
[EventType "swiss"]
[EventRounds "9"]
[EventCountry "POL"]
[SourceTitle "CBM 209 Extra"]
[Source "ChessBase"]
[SourceDate "2022.09.30"]
[SourceVersion "1"]
[SourceVersionDate "2022.09.30"]
[SourceQuality "1"]

1. e4 c5 2. Nf3 d6 3. d4 cxd4 4. Nxd4 Nf6 5. Nc3 a6 6. Bg5 e6 7. f3 Nbd7 8. Qd2 b5 9. a3 Bb7 10. Be2 Be7 11. Be3 Nb6 12. g4 Nfd7 13. 0-0-0 Ne5 14. f4 Nec4 15. Bxc4 Nxc4 16. Qf2 Rc8 17. Nde2 Qa5 18. Bd4 e5 19. fxe5 dxe5 20. Bxe5 Nxe5 21. Qf5 Qc7 22. Rd4 0-0 23. Rg1 Bc5 24. Nd5 Bxd5 25. exd5 Bxd4 26. Nxd4 Nc4 27. Rg3 Rfe8 28. Kb1 Nd2+ 29. Ka2 Qc4+ 30. Nb3 Qxc2 31. Qxc2 Rxc2 32. Nxd2 Rxd2 33. Rc3 Rxd5 34. Rc6 a5 35. Kb3 g6 0-1

[Event "POL-ch U16"]
[Site "Sypniewo"]
[Date "2022.03.27"]
[Round "9"]
[White "Wnek, Filip"]
[Black "Herwy, Jakub"]
[Result "0-1"]
[WhiteElo "2033"]
[BlackElo "1947"]
[PlyCount "132"]
[EventDate "2022.03.19"]
[EventType "swiss"]
[EventRounds "9"]
[EventCountry "POL"]
[SourceTitle "CBM 207 Extra"]
[Source "ChessBase"]
[SourceDate "2022.05.31"]
[SourceVersion "1"]
[SourceVersionDate "2022.05.31"]
[SourceQuality "1"]

1. e4 c5 2. Nf3 e6 3. d4 cxd4 4. Nxd4 a6 5. Bd3 Bc5 6. Nb3 Ba7 7. Qe2 d6 8. Be3 Nc6 9. Bxa7 Rxa7 10. c4 Nge7 11. Nc3 0-0 12. Rd1 b6 13. 0-0 Rd7 14. Bb1 Ng6 15. f4 Bb7 16. Qe3 Qc7 17. Rc1 Nce7 18. Na4 Nc8 19. Nd4 Bc6 20. Nc3 e5 21. fxe5 Nxe5 22. Nd5 Bxd5 23. cxd5 Qd8 24. Nc6 Qe8 25. Qg3 f6 26. Nxe5 fxe5 27. Rxf8+ Kxf8 28. Rc6 Qd8 29. Bd3 Na7 30. Rc1 a5 31. Qh3 g6 32. Qh6+ Kg8 33. Rf1 Qe8 34. Rf6 Qd8 35. Re6 Rf7 36. h4 Rf6 37. h5 Rxe6 38. dxe6 g5 39. Bc4 Kh8 40. Kh2 Qe7 41. Kg3 b5 42. Bd5 Nc8 43. Bb7 Nb6 44. Kg4 Nc4 45. Qxg5 Qxe6+ 46. Kg3 h6 47. Qd8+ Qg8+ 48. Qxg8+ Kxg8 49. a4 Nxb2 50. axb5 Kg7 51. Bd5 Na4 52. Kh4 Nb6 53. Ba2 Kf6 54. g4 a4 55. g5+ hxg5+ 56. Kg4 a3 57. h6 d5 58. exd5 e4 59. d6 Kg6 60. Kg3 Kxh6 61. Kf2 g4 62. Bd5 Kg5 63. Bc4 Kf4 64. Ba2 g3+ 65. Ke2 e3 66. Kf1 Ke5 0-1

[Event "POL-ch U16"]
[Site "Sypniewo"]
[Date "2022.03.21"]
[Round "3"]
[White "Karolczuk, Iwo"]
[Black "Wnek, Filip"]
[Result "1-0"]
[WhiteElo "2328"]
[BlackElo "2033"]
[PlyCount "59"]
[EventDate "2022.03.19"]
[EventType "swiss"]
[EventRounds "9"]
[EventCountry "POL"]
[SourceTitle "CBM 207 Extra"]
[Source "ChessBase"]
[SourceDate "2022.05.31"]
[SourceVersion "1"]
[SourceVersionDate "2022.05.31"]
[SourceQuality "1"]

1. Nf3 Nf6 2. g3 e6 3. Bg2 c5 4. 0-0 Be7 5. c4 0-0 6. b3 d5 7. Bb2 Nc6 8. cxd5 Nxd5 9. Nc3 Nxc3 10. Bxc3 Nd4 11. e3 Nxf3+ 12. Qxf3 Rb8 13. Qf4 Bd6 14. Be5 g5 15. Qf6 Qxf6 16. Bxf6 h6 17. f4 g4 18. Kf2 Re8 19. h3 gxh3 20. Rh1 e5 21. Bxh3 Kh7 22. Bxc8 Rbxc8 23. Rxh6+ Kxh6 24. f5 Kh5 25. Rh1+ Kg4 26. e4 Rh8 27. Bxh8 Kg5 28. Kf3 Bf8 29. g4 Bh6 30. Rh5# 1-0

[Event "POL-ch U16"]
[Site "Sypniewo"]
[Date "2022.03.20"]
[Round "2"]
[White "Wnek, Filip"]
[Black "Paprocki, Antoni"]
[Result "1-0"]
[WhiteElo "2033"]
[BlackElo "1831"]
[PlyCount "67"]
[EventDate "2022.03.19"]
[EventType "swiss"]
[EventRounds "9"]
[EventCountry "POL"]
[SourceTitle "CBM 207 Extra"]
[Source "ChessBase"]
[SourceDate "2022.05.31"]
[SourceVersion "1"]
[SourceVersionDate "2022.05.31"]
[SourceQuality "1"]

1. e4 c6 2. d4 d5 3. e5 Bf5 4. h4 h5 5. Bd3 Bxd3 6. Qxd3 Qa5+ 7. Nd2 e6 8. Ngf3 c5 9. c4 Qa6 10. 0-0 Nc6 11. dxc5 Bxc5 12. Qb3 Nge7 13. cxd5 Nxd5 14. Ne4 Be7 15. Bg5 Qb6 16. Qc2 0-0 17. Bxe7 Ndxe7 18. Nfg5 Nf5 19. Qd1 Qd4 20. Qxh5 Nh6 21. Rfe1 Qxe5 22. Rad1 Rad8 23. Nd6 Qxb2 24. Re2 Qb4 25. Rxe6 fxe6 26. Qg6 Rf6 27. Qh7+ Kf8 28. Qh8+ Ke7 29. Qxg7+ Rf7 30. Ngxf7 Rg8 31. Nc8+ Ke8 32. Nfd6+ Kd8 33. Nb5+ Ke8 34. Nc7# 1-0

[Event "Krakow op-B 32nd"]
[Site "Krakow"]
[Date "2021.12.31"]
[Round "5"]
[White "Kindler, Przemyslaw"]
[Black "Wnek, Filip"]
[Result "0-1"]
[WhiteElo "2018"]
[BlackElo "1873"]
[PlyCount "62"]
[EventDate "2021.12.27"]
[EventType "swiss"]
[EventRounds "9"]
[EventCountry "POL"]
[SourceTitle "EXT 2023"]
[Source "ChessBase"]
[SourceDate "2022.10.05"]
[SourceVersion "1"]
[SourceVersionDate "2022.10.05"]
[SourceQuality "1"]

1. e4 c5 2. Nf3 d6 3. d4 cxd4 4. Nxd4 Nf6 5. Nc3 a6 6. Bc4 b5 7. Bb3 Nbd7 8. 0-0 Nc5 9. f3 Nxb3 10. axb3 Bb7 11. Be3 e6 12. Qd3 Be7 13. Nce2 Nd7 14. Bd2 0-0 15. Ng3 d5 16. exd5 Bxd5 17. Rad1 Rc8 18. Kh1 Qc7 19. Bc3 Rfd8 20. Ndf5 Bf6 21. Nh5 exf5 22. Qxd5 Bxc3 23. bxc3 Ne5 24. Nf4 Rxd5 25. Nxd5 Qb7 26. Rfe1 Ng6 27. h4 h5 28. Rd4 Qb8 29. f4 Re8 30. Red1 Qd8 31. g3 Nxh4 0-1

[Event "Krakow op-B 32nd"]
[Site "Krakow"]
[Date "2021.12.30"]
[Round "4"]
[White "Wnek, Filip"]
[Black "Mirski, Michal"]
[Result "1-0"]
[WhiteElo "1873"]
[BlackElo "2039"]
[PlyCount "141"]
[EventDate "2021.12.27"]
[EventType "swiss"]
[EventRounds "9"]
[EventCountry "POL"]
[SourceTitle "EXT 2023"]
[Source "ChessBase"]
[SourceDate "2022.10.05"]
[SourceVersion "1"]
[SourceVersionDate "2022.10.05"]
[SourceQuality "1"]

1. e4 c5 2. Nf3 g6 3. d4 cxd4 4. Nxd4 Nc6 5. c4 Nf6 6. Nc3 d6 7. Be2 Nxd4 8. Qxd4 Bg7 9. Be3 0-0 10. Qd2 Be6 11. f3 Qa5 12. Rc1 Rfc8 13. b3 a6 14. Nd5 Qxd2+ 15. Kxd2 Nxd5 16. cxd5 Bd7 17. Bd3 e6 18. Bf4 exd5 19. exd5 Be5 20. Bxe5 dxe5 21. Rhe1 f6 22. f4 Rxc1 23. Rxc1 Rc8 24. Re1 Re8 25. Rc1 e4 26. Rc7 Bf5 27. Bc2 e3+ 28. Ke1 Bxc2 29. Rxc2 Rd8 30. Ke2 Rxd5 31. Kxe3 Rd7 32. g3 Kf7 33. Ke4 Ke6 34. Re2 Rd1 35. Kf3+ Kd7 36. Rc2 f5 37. Ke2 Ra1 38. Ke3 Kd6 39. Kd4 b5 40. Kd3 Kd5 41. Ke3 a5 42. Kd3 h5 43. Ke3 h4 44. gxh4 Rg1 45. Kf3 Rg4 46. a4 b4 47. h5 Kd4 48. Rc4+ Kd5 49. Rc8 gxh5 50. Ra8 Rh4 51. Rxa5+ Kd4 52. Rxf5 Rxh2 53. Rb5 Rh3+ 54. Kg2 Rxb3 55. f5 Kc4 56. f6 Rd3 57. f7 Rd8 58. Rb7 b3 59. a5 Rf8 60. a6 b2 61. a7 Rxf7 62. a8Q Rxb7 63. Qxb7 Kc3 64. Kf2 Kc2 65. Qc6+ Kd1 66. Qb5 Kc1 67. Qc4+ Kd2 68. Qb3 Kc1 69. Qc3+ Kb1 70. Ke2 h4 71. Kd2 1-0

[Event "Katowice POL-HUN 9th"]
[Site "Katowice"]
[Date "2021.07.04"]
[Round "9"]
[White "Piesik, Piotr"]
[Black "Wnek, Filip"]
[Result "1-0"]
[WhiteElo "2404"]
[BlackElo "1803"]
[PlyCount "57"]
[EventDate "2021.07.03"]
[EventType "swiss (rapid)"]
[EventRounds "9"]
[EventCountry "POL"]
[SourceTitle "CBM 203 Extra"]
[Source "ChessBase"]
[SourceDate "2021.09.30"]
[SourceVersion "1"]
[SourceVersionDate "2021.09.30"]
[SourceQuality "1"]

1. Nf3 f5 2. d3 d6 3. e4 fxe4 4. dxe4 e5 5. Bc4 Bg4 6. Qd5 Bh5 7. Qxb7 Nd7 8. Ng5 Rb8 9. Qc6 Ne7 10. Qa4 c6 11. Ne6 Qb6 12. 0-0 d5 13. Bd3 Bf7 14. exd5 cxd5 15. Nxf8 Rxf8 16. Nc3 Be6 17. Bg5 h6 18. Bxe7 Kxe7 19. Rae1 Kf7 20. Nxd5 Qxb2 21. Nc7 Qxa2 22. Qe4 Ke7 23. Ra1 Qb2 24. Nxe6 Kxe6 25. Rxa7 Qd4 26. Qg6+ Ke7 27. Qxg7+ Ke6 28. Rxd7 Qxd7 29. Bc4+ 1-0

[Event "Malopolska Region-chB"]
[Site "Krakow"]
[Date "2021.06.05"]
[Round "4"]
[White "Kazmierowski, Tymon"]
[Black "Wnek, Filip"]
[Result "0-1"]
[WhiteElo "1825"]
[BlackElo "1879"]
[PlyCount "147"]
[EventDate "2021.06.03"]
[EventType "swiss"]
[EventRounds "7"]
[EventCountry "POL"]
[SourceTitle "EXT 2023"]
[Source "ChessBase"]
[SourceDate "2022.10.05"]
[SourceVersion "1"]
[SourceVersionDate "2022.10.05"]
[SourceQuality "1"]

1. Nf3 f5 2. d3 Nf6 3. e4 fxe4 4. dxe4 e6 5. Bd3 Be7 6. e5 Nd5 7. Ng5 Bxg5 8. Qh5+ Kf8 9. Bxg5 Qe8 10. Qh4 Nc6 11. 0-0 Nxe5 12. Be4 Qf7 13. f4 Ng6 14. Qe1 d6 15. Qd2 Nf6 16. Bd3 h6 17. Bxf6 Qxf6 18. Nc3 Bd7 19. Rae1 Re8 20. Qf2 a6 21. Ne4 Qf7 22. Qg3 Ne7 23. Qh3 Kg8 24. c3 Nd5 25. Qg3 Ne7 26. Bc2 b6 27. Qf2 Bb5 28. Bb3 d5 29. c4 dxc4 30. Bd1 c3 31. Be2 Bxe2 32. Qxe2 cxb2 33. Qxb2 Nd5 34. Ng3 Qf6 35. Qd2 Qc3 36. Qf2 Kh7 37. Ne4 Qd3 38. Qh4 Rhf8 39. Kh1 e5 40. f5 Nf6 41. Ng5+ Kg8 42. Ne6 Rf7 43. Rf3 Qd5 44. Rg3 Qd2 45. Rf1 Qe2 46. Kg1 Ne4 47. Rg6 Nd2 48. Re1 Qc4 49. Qxh6 Rxe6 50. Qxd2 Rxf5 51. Rc1 Rf1+ 52. Rxf1 Rxg6 53. Rc1 Rd6 54. Qe3 Qd4 55. Qxd4 Rxd4 56. Rxc7 Rd1+ 57. Kf2 Rd2+ 58. Kf3 Rxa2 59. Re7 b5 60. Rxe5 b4 61. Re8+ Kf7 62. Rb8 a5 63. Rb5 Ra3+ 64. Ke2 b3 65. Kd3 a4 66. Kc3 Ra2 67. Rb4 Ke6 68. g4 Kd5 69. h4 Kc5 70. Rc4+ Kb5 71. Rb4+ Ka5 72. Rb7 Rc2+ 73. Kd3 Rg2 74. Kd4 0-1

[Event "Katowice POL-HUN rapid 8th"]
[Site "Katowice"]
[Date "2020.09.13"]
[Round "7.9"]
[White "Wnek, Filip"]
[Black "Kuzmicz, Krystian"]
[Result "0-1"]
[WhiteElo "1981"]
[BlackElo "2468"]
[PlyCount "74"]
[EventDate "2020.09.13"]
[EventType "swiss (rapid)"]
[EventRounds "9"]
[EventCountry "POL"]
[SourceTitle "CBM 198 Extra"]
[Source "ChessBase"]
[SourceDate "2020.11.30"]
[SourceVersion "1"]
[SourceVersionDate "2020.11.30"]
[SourceQuality "1"]

1. e4 c5 2. Nf3 e6 3. c4 Nc6 4. d4 cxd4 5. Nxd4 Nf6 6. Nc3 Bb4 7. Nxc6 bxc6 8. e5 Ne4 9. Bd2 Nxd2 10. Qxd2 Qa5 11. Qd4 Rb8 12. Be2 Bc5 13. Qd2 0-0 14. 0-0 Qc7 15. Qg5 Bd4 16. Rad1 Qxe5 17. Qxe5 Bxe5 18. Na4 d5 19. cxd5 cxd5 20. b3 Bd7 21. Nc5 Bc6 22. Rc1 Rfc8 23. Na6 Rb6 24. b4 Bf4 25. Rc2 Bb7 26. Rxc8+ Bxc8 27. b5 Bxa6 28. bxa6 Rb2 29. Bd3 Rd2 30. Rc1 g6 31. Bf1 Kg7 32. Rc8 Be5 33. h3 Bd4 34. Bb5 Rxf2 35. Kh2 Rxa2 36. Rc7 Be5+ 37. Kg1 Bxc7 0-1

[Event "POL-chT 2nd League"]
[Site "Jastrzebia Gora"]
[Date "2019.09.12"]
[Round "6.21"]
[White "Nowakowski, Jacek"]
[Black "Wnek, Filip"]
[Result "0-1"]
[WhiteElo "1591"]
[BlackElo "1962"]
[PlyCount "92"]
[EventDate "2019.09.07"]
[EventType "team-swiss"]
[EventRounds "9"]
[EventCountry "POL"]
[SourceTitle "EXT 2020"]
[Source "ChessBase"]
[SourceDate "2019.10.17"]
[SourceVersion "1"]
[SourceVersionDate "2019.10.17"]
[SourceQuality "1"]
[WhiteTeam "Rzeszow RzKSz"]
[BlackTeam "Staniatki Goniec"]
[WhiteTeamCountry "POL"]
[BlackTeamCountry "POL"]

1. c4 f5 2. d4 Nf6 3. Nc3 e6 4. Bf4 Be7 5. Nf3 0-0 6. e3 d6 7. Bd3 a5 8. Qc2 Nc6 9. a3 Nd7 10. Bg3 Bf6 11. d5 Nce5 12. Nxe5 Nxe5 13. Be2 Ng6 14. dxe6 Bxe6 15. Nd5 Be5 16. Nf4 Nxf4 17. Bxf4 Qf6 18. Bxe5 dxe5 19. Qc3 b6 20. 0-0 Rad8 21. Rad1 e4 22. Qxf6 gxf6 23. Rd4 c5 24. Rdd1 Kf7 25. b3 a4 26. b4 cxb4 27. axb4 a3 28. Ra1 Ra8 29. Rfd1 Ke7 30. f3 Rfd8 31. Rd4 Rxd4 32. exd4 b5 33. d5 Bf7 34. fxe4 fxe4 35. Kf2 Kd6 36. c5+ Kxd5 37. Bxb5 a2 38. Ke3 Ke5 39. Bc6 Ra3+ 40. Kf2 Kd4 41. Bb7 Kc3 42. c6 Bd5 43. b5 Kb2 44. Rd1 a1Q 45. Rxd5 e3+ 46. Ke2 Qg1 0-1